| 000 | 00000nam 2200000zi 4500 |
| 001 | 9.918705 |
| 003 | CaOODSP |
| 005 | 20231221112725 |
| 006 | m o d f |
| 007 | cr mn||||||||| |
| 008 | 221223t20232023qucab ob f000 0 fre d |
| 020 | |a9780660468501 |
| 040 | |aCaOODSP|bfre|erda|cCaOODSP |
| 043 | |an-cn-nu|ar------ |
| 086 | 1 |aCW66-925/2022F-PDF |
| 245 | 00|aPlan de gestion de la réserve nationale de faune Ninginganiq. |
| 264 | 1|aGatineau (Québec) : |bEnvironnement et changement climatique Canada = Environment and Climate Change Canada, |c[2023] |
| 264 | 4|c©2023 |
| 300 | |a1 ressource en ligne (x, 68 pages) : |billustrations (principalement en couleur), cartes en couleur |
| 336 | |atexte|btxt|2rdacontent/fre |
| 337 | |ainformatique|bc|2rdamedia/fre |
| 338 | |aressource en ligne|bcr|2rdacarrier/fre |
| 500 | |aPublié aussi en anglais sous le titre : Ninginganiq National Wildlife Area management plan; et en inuktitut sous le titre : Ninginganiq uumajuqarvingata sapujjivinganit aulattiningmut parnautiit. |
| 500 | |a« EC22047 » -- Verso de la couverture. |
| 504 | |aComprend des références bibliographiques (pages 57-66). |
| 650 | 6|aRefuges fauniques|zNunavut|xGestion. |
| 650 | 6|aParcs marins|zNunavut|xGestion. |
| 650 | 6|aParcs nationaux|zNunavut|xGestion. |
| 710 | 1 |aCanada. |bEnvironnement et changement climatique Canada, |eorganisme de publication. |
| 775 | 08|tNinginganiq National Wildlife Area management plan.|w(CaOODSP)9.918704 |
| 775 | 08|t[Plan de gestion de la réserve nationale de faune Ninginganiq].|w(CaOODSP)9.918707 |
| 856 | 40|qPDF|s7.39 Mo|uhttps://publications.gc.ca/collections/collection_2023/eccc/cw66/CW66-925-2022-fra.pdf |
| 986 | |aEC22047 |